PAROLES : Nekfeu - Humanoïde (partie 1) - Statistiques

Statistiques générales
  • Ce quiz a été pris 500 fois
  • Le résultat moyen est 329 sur 475
Statistiques - réponses
Hint Réponse % Correct
de
96%
te
95%
tu
94%
le
92%
que
92%
t'es
92%
tes
92%
ta
91%
t'a
91%
à
90%
Début Est-ce
90%
est-ce
90%
fait
90%
Po,
90%
par
89%
déjà
88%
en
88%
En
88%
et
88%
les
88%
la
86%
là,
86%
d'jà
85%
d'ja
85%
mais,
85%
t'as
85%
au
84%
Au
84%
pour
84%
Pour
84%
celle
83%
point
82%
secrètement?
82%
t'aimais
82%
des
81%
Des
81%
REFRAIN J'ai
81%
j'ai
81%
J'ai
81%
sa
81%
cruelle
80%
Gentille
80%
je
80%
légère
80%
gens,
79%
privé
79%
d'vant
78%
rabaisser
78%
un
78%
ça
77%
juste
77%
plus
75%
qu'on
75%
du
74%
mec
74%
mec ?
74%
même
74%
Même
74%
pas
74%
Dans
73%
dans
73%
dit
73%
73%
qui
73%
regretté
73%
respecte?
73%
sur
73%
Faut
72%
quand
72%
ans ?
71%
quelqu'un
70%
seize
70%
seul
70%
toi,
69%
on
68%
secoue,
68%
si
68%
tapé
68%
t'étais
68%
wagon
68%
RER
67%
Sans
67%
heures
66%
prof
66%
taf
66%
âme
65%
été
65%
jeté ?
65%
qu'j'me
65%
excuse,
64%
potes?
64%
potes
64%
tient
64%
cervelle?
63%
l'sang
63%
pisser
63%
qu'une
63%
trucs
63%
face
62%
N'être
62%
propre
62%
rôder
62%
t'racheter ?
62%
voir
62%
HEC
61%
identifié
61%
lâcheté
61%
malade
61%
perdue,
61%
serveuse?
61%
appeler
60%
avec
60%
errer
60%
sauter
60%
s'faire
60%
son
60%
violent
60%
Dégoûté
59%
douloureux?
59%
parler
59%
qu't'as
59%
soit
59%
surpris
59%
balles
58%
café,
58%
chaussée
58%
dont
58%
pauvres
58%
ressenti
58%
b'soin
57%
ceux
57%
deux
57%
j'vois
57%
menti
57%
rap
57%
s'cours
57%
ton
57%
d'ça
56%
détourné
56%
elle
56%
m'exprimer
56%
nuit ?
56%
nuit
56%
peux
56%
qu'ça
56%
secrets
56%
tous
56%
tristesse
56%
chaussette
55%
d'famille
55%
flingue
55%
français ?
55%
l'regard?
55%
nature,
55%
Paris
55%
politiques,
55%
shit
55%
tempe ?
55%
vieux
55%
bonne
54%
chance
54%
d'études,
54%
lourds
54%
pleurer
54%
reufs?
54%
Sciences
54%
t'faisais
54%
une
54%
j'emmerde
53%
J'me
53%
racketter
53%
bien
52%
honte
52%
l'ivresse
52%
nos
52%
organes
52%
qu'après
52%
serviette
52%
tof ?
52%
toute
52%
chialer
51%
détruit
51%
ils
51%
mort ?
51%
partir
51%
souhaitant
51%
suis
51%
toi-même?
51%
coiffé
50%
l'époque
50%
L'été
50%
merde,
50%
stress
50%
t'assomme?
50%
Victime
50%
c'est
49%
condé
49%
connaissent
49%
d'sauter
49%
gardais,
49%
jusqu'à
49%
somme
49%
t'imaginant
49%
vérifier
49%
d'un
48%
l'ENA
48%
ni
48%
sortais
48%
T'en
48%
terrifié
48%
anodin ?
47%
détail
47%
envie
47%
qu'elle
47%
rêvais-tu
47%
sang,
47%
vitrine
47%
après
46%
corps
46%
d'ber-ger?
46%
d'mandé
46%
fidèle,
46%
J'connais
46%
longtemps
46%
Non,
46%
parcs
46%
qu't'es
46%
tafs
46%
voulu
46%
infidèle ?
45%
l'esprit
45%
milieu
45%
recompter
45%
sais
45%
serais
45%
seum
45%
annoncé?
44%
comme
44%
d'la
44%
faire
44%
n'pas
44%
récemment,
44%
t'es-tu
44%
T'es-tu
44%
venu
44%
Aimerais-tu
43%
brisé
43%
d'elle ?
43%
t'ont
43%
forcé ?
42%
partent,
42%
remis
42%
sachant
42%
vide
42%
c'qu'un
41%
Encore
41%
es-tu
41%
mains
41%
abîment
39%
d'tes
39%
inspi'
39%
Kourtrajmé?
39%
spliffs
39%
t'réveilles
39%
As-tu
38%
qu'l'alcool
38%
goutter,
37%
j'pouvais
37%
planqué
37%
regardant
37%
zin-gam ?
37%
quelque-chose
33%
l'as
32%
t'ait
32%
t'oublies
31%
détestée
29%
Aucun quiz correspondant
Distribution des résultats
% des personnes avec chaque résultat
Percentile par nombre de réponses
Votre historique - résultats
Vous n’avez pas pris ce quiz